000 01752nam0a2200361 4500
001 RU\NLR\BIBL_A\011480881
005 20241102022940.0
010 _a9785970443606
_91000
021 _aRU
_b2017-64439
_94568
035 _a(RuMoRGB)009375361
035 _a(NLR Aleph) 011480881
090 _a11899059
_c11899059
100 _a20170928d2017 k y0rusy50 ca
101 1 _arus
_ceng
102 _aRU
105 _aa z 000zy
200 1 _aСтимуляция яичников
_eпрактическое руковоство
_fРой Хомбург
_gперевод с английского под редакцией чл.-кор. РАН И. Ю. Когана
210 _aМосква
_cГЭОТАР-Медиа
_d2017
215 _a286 с.
_cил.
_d20
300 _aЗагл. и авт. ориг.: Ovulation induction and controlled ovarian stimulation / Roy Homburg. 2nd ed.
320 _aБиблиогр. в конце гл.
454 0 _12001#$aOvulation induction and controlled ovarian stimulation
_1700#1$aHomburg$bR.$gRoy
_tOvulation induction and controlled ovarian stimulation
_aHomburg, Roy
606 _aОвуляция
_jРуководства, пособия и т.п
_91156404
_3RU\NLR\AUTH\66144051
606 _aАновуляция
_jРуководства, пособия и т.п
_9988507
_3RU\NLR\AUTH\6655044
606 1 _aЯичники
_jРуководства, пособия и т.п
_xСтимуляция при искусственном оплодотворении
_92340128
_3RU\NLR\AUTH\6601622394
686 _aР716.11с13,07
_2rubbk
686 1 _aР712.55я7
686 1 _aР712.56я7
700 1 _aХомбург
_bР.
_gРой
942 _cBOOK
980 _aNBR